[Event "Mondiale Lampo FIDE 2022"]
[Site "Alma Ata"]
[Date "29.12.2022"]
[Round "3.9"]
[White "Sanal, Vahap"]
[Black "Nihal, Sarin"]
[Result "0-1"]
[WhiteTitle ""]
[BlackTitle ""]
[WhiteElo "2597"]
[BlackElo "2670"]
[WhiteFideId "6300545"]
[BlackFideId "25092340"]
[EventDate "29.12.2022"]

1. e4 Nc6 2. d4 d5 3. e5 Bf5 4. c3 e6 5. Bd3 Nge7 6. Nf3 Qd7 7. a4 f6 8. Bf4
Bxd3 9. Qxd3 Ng6 10. Bg3 fxe5 11. dxe5 Be7 12. Nbd2 O-O 13. O-O a5 14. Rfe1 Bc5
15. Nb3 Bb6 16. Nbd4 Nxd4 17. Nxd4 c5 18. Nb5 c4 19. Qd2 h5 20. h4 Qe7 21. Qd1
Nxh4 22. Qxh5 Nf5 23. Bf4 Nh6 24. Be3 Rf5 25. Qh3 Bxe3 26. Rxe3 Rg5 27. Nd4 Nf5
28. Rf3 Rf8 29. Re1 Nxd4 30. cxd4 Rxf3 31. Qxf3 Rf5 32. Qg4 Qb4 33. Re2 Qxa4 34.
Re3 Qc2 35. Rg3 Qc1+ 36. Kh2 Qh6+ 37. Kg1 Qc1+ 38. Kh2 Qh6+ 39. Kg1 b5 40. f4
Rxf4 41. Qd1 b4 42. Qa4 Rxd4 43. Qe8+ Kh7 44. Rh3 Rh4 45. Rxh4 Qxh4 46. Qxe6
Qe1+ 47. Kh2 Qh4+ 48. Kg1 Qe4 49. Qh3+ Kg6 50. Qe6+ Kg5 51. Qe7+ Kf5 52. g4+
Qxg4+ 0-1

[Event "Mondiale Lampo FIDE 2022"]
[Site "Alma Ata"]
[Date "29.12.2022"]
[Round "3.10"]
[White "Tomashevsky, Evgeny"]
[Black "Ganguly, Surya Shekhar"]
[Result "1-0"]
[WhiteTitle ""]
[BlackTitle ""]
[WhiteElo "2694"]
[BlackElo "2582"]
[WhiteFideId "4147235"]
[BlackFideId "5002150"]
[EventDate "29.12.2022"]

1. e4 e5 2. Nf3 Nc6 3. Bb5 a6 4. Ba4 f5 5. d3 fxe4 6. dxe4 Nf6 7. Bg5 Be7 8.
Bxc6 bxc6 9. Nxe5 O-O 10. O-O Nxe4 11. Bxe7 Qxe7 12. Qd4 Nf6 13. Nd3 d6 14. Qc4+
Be6 15. Qxc6 Bd5 16. Qa4 Ne4 17. f3 Qg5 18. Qa5 Qe3+ 19. Kh1 Ng3+ 20. hxg3 Rf5
21. Nf2 Rh5+ 22. Kg1 Bxf3 23. Qc3 Qg5 24. Qxf3 Rf8 25. Qxf8+ 1-0

[Event "Mondiale Lampo FIDE 2022"]
[Site "Alma Ata"]
[Date "29.12.2022"]
[Round "3.11"]
[White "Vidit, Santosh Gujrathi"]
[Black "Dragnev, Valentin"]
[Result "1/2-1/2"]
[WhiteTitle ""]
[BlackTitle ""]
[WhiteElo "2730"]
[BlackElo "2556"]
[WhiteFideId "5029465"]
[BlackFideId "1634852"]
[EventDate "29.12.2022"]

1. Nf3 Nf6 2. c4 c5 3. Nc3 e6 4. e3 d5 5. d4 Nc6 6. a3 a6 7. dxc5 Bxc5 8. b4 Ba7
9. Bb2 O-O 10. Qc2 Qe7 11. Rd1 Rd8 12. Be2 dxc4 13. Rxd8+ Nxd8 14. Bxc4 Bd7 15.
Ne4 Nxe4 16. Qxe4 Rc8 17. Bd3 f5 18. Qf4 Bb8 19. Qg5 Qxg5 20. Nxg5 Nf7 21. Nxf7
Kxf7 22. Kd2 g5 23. h3 h5 24. f3 Rd8 25. Ke2 Rc8 26. Kd2 Rd8 27. Bd4 Bc6 28. Ke2
Rc8 29. Bc5 Be5 30. Rb1 Bb5 31. Bxb5 axb5 32. Rd1 Ke8 33. Rd3 Ra8 34. Kd1 Rd8
35. Rxd8+ Kxd8 36. Kc2 Kd7 37. Kb3 Bf6 38. e4 Kc6 39. Kc2 Kd7 40. Kb3 Kc6 41.
Kc2 Kd7 1/2-1/2

[Event "Mondiale Lampo FIDE 2022"]
[Site "Alma Ata"]
[Date "29.12.2022"]
[Round "3.12"]
[White "Tin, Jingyao"]
[Black "Abdusattorov, Nodirbek"]
[Result "0-1"]
[WhiteTitle ""]
[BlackTitle ""]
[WhiteElo "2562"]
[BlackElo "2713"]
[WhiteFideId "5804418"]
[BlackFideId "14204118"]
[EventDate "29.12.2022"]

1. d4 Nf6 2. c4 e6 3. Nf3 Bb4+ 4. Nbd2 d5 5. e3 O-O 6. a3 Be7 7. Bd3 a5 8. b3 c5
9. Bb2 cxd4 10. exd4 b6 11. O-O Bb7 12. Ne5 Nbd7 13. Qe2 a4 14. Rfe1 axb3 15.
Nxb3 dxc4 16. Bxc4 Bd5 17. a4 Qc7 18. Bxd5 Nxd5 19. Rec1 Qb7 20. Qf3 Nxe5 21.
dxe5 Rfc8 22. Qe4 h6 23. h3 Bg5 24. Rxc8+ Rxc8 25. h4 Be7 26. g3 Qa6 27. Rc1 Ra8
28. Rc4 Bf8 29. Bc1 b5 30. axb5 Qxb5 31. Qc2 Nb4 32. Qc3 Na2 33. Qc2 Nxc1 34.
Nxc1 Qxe5 35. Nd3 Ra1+ 36. Kg2 Qd5+ 37. f3 Ra3 38. Ne1 Re3 39. Re4 Ra3 40. Qf2
Bc5 41. Qf1 Ra1 42. Qd3 Ra2+ 43. Kh3 Qf5+ 44. g4 Qf6 0-1

[Event "Mondiale Lampo FIDE 2022"]
[Site "Alma Ata"]
[Date "29.12.2022"]
[Round "3.13"]
[White "Asadli, Vugar"]
[Black "Lazavik, Denis"]
[Result "0-1"]
[WhiteTitle ""]
[BlackTitle ""]
[WhiteElo "2567"]
[BlackElo "2537"]
[WhiteFideId "13405764"]
[BlackFideId "13515110"]
[EventDate "29.12.2022"]

1. d4 Nf6 2. Nf3 d5 3. c3 e6 4. Bf4 Bd6 5. e3 O-O 6. Nbd2 c5 7. Bg3 Qc7 8. Bxd6
Qxd6 9. Ne5 Nfd7 10. f4 f6 11. Nef3 Nc6 12. Be2 cxd4 13. cxd4 e5 14. fxe5 fxe5
15. O-O Nf6 16. Qb3 Kh8 17. Qc3 exd4 18. Nxd4 Bd7 19. Nxc6 bxc6 20. Rac1 Rae8
21. Qd4 Qe5 22. Qxe5 Rxe5 23. Nb3 Rxe3 24. Nd4 Rc8 25. b4 h6 26. Ba6 Rb8 27. b5
cxb5 28. Rc7 Re4 29. Nb3 Re2 30. Rxf6 gxf6 31. Rxd7 Rxa2 32. Nc5 Re8 33. h3 Ree2
34. Bxb5 Rxg2+ 35. Kf1 Rgd2 36. Rd8+ Kg7 37. Rd7+ Kg6 38. Bd3+ Kg5 39. Ke1 Rh2
40. Ne6+ Kh4 41. Rb7 Ra1+ 42. Bb1 Rxb1+ 0-1

[Event "Mondiale Lampo FIDE 2022"]
[Site "Alma Ata"]
[Date "29.12.2022"]
[Round "3.14"]
[White "Pranav, V"]
[Black "Niemann, Hans Moke"]
[Result "1-0"]
[WhiteTitle ""]
[BlackTitle ""]
[WhiteElo "2545"]
[BlackElo "2698"]
[WhiteFideId "25060783"]
[BlackFideId "2093596"]
[EventDate "29.12.2022"]

1. e4 c5 2. Nf3 Nc6 3. Bb5 g6 4. O-O Bg7 5. c3 Nf6 6. Qa4 O-O 7. d4 cxd4 8. cxd4
d5 9. e5 Nd7 10. h3 Nb6 11. Qd1 Bf5 12. Nc3 Rc8 13. Nh4 Bd7 14. f4 a6 15. Bxc6
Rxc6 16. f5 Qe8 17. Qe2 gxf5 18. Nxf5 Bxf5 19. Rxf5 Rg6 20. Bf4 e6 21. Rh5 Nd7
22. Re1 Kh8 23. Kh1 b5 24. a3 Rg8 25. Rh4 f6 26. Qh5 h6 27. Bd2 fxe5 28. dxe5
Kh7 29. Ne2 Nxe5 30. Nf4 Rf8 31. Rxe5 Bxe5 32. Qxe5 Rgf6 33. Bc3 Qd7 34. Rg4 d4
35. Bxd4 Qe7 36. Nh5 Rf1+ 37. Kh2 R1f7 38. Qe4+ Rf5 39. Rg7+ 1-0

[Event "Mondiale Lampo FIDE 2022"]
[Site "Alma Ata"]
[Date "29.12.2022"]
[Round "3.15"]
[White "Caruana, Fabiano"]
[Black "Bilguun, Sumiya"]
[Result "1-0"]
[WhiteTitle ""]
[BlackTitle ""]
[WhiteElo "2766"]
[BlackElo "2474"]
[WhiteFideId "2020009"]
[BlackFideId "4901541"]
[EventDate "29.12.2022"]

1. c4 c5 2. Nf3 g6 3. Nc3 Bg7 4. g3 Nc6 5. Bg2 d6 6. O-O e5 7. d3 Nge7 8. a3 a5
9. Ne1 Be6 10. Nd5 O-O 11. Nc2 Rb8 12. Nce3 b5 13. Rb1 b4 14. axb4 Nxb4 15. Bd2
Nexd5 16. cxd5 Bd7 17. Ra1 a4 18. Nc4 Qc7 19. Bc3 f5 20. Qd2 f4 21. Rfb1 h5 22.
b3 axb3 23. Rxb3 h4 24. gxh4 Bf6 25. Be4 Bf5 26. Bxb4 cxb4 27. Rxb4 Bxe4 28.
dxe4 Bxh4 29. Rab1 Rbc8 30. f3 Qc5+ 31. Kh1 Rc7 32. Rg1 Rg7 33. Nb2 Bf2 34. Nd3
Qe3 35. Qxe3 Bxe3 36. Rgb1 g5 37. h3 Rc7 38. Kg2 Rc2 39. R4b2 Rxb2 40. Rxb2 Ra8
41. h4 gxh4 42. Kh3 Ra1 43. Kxh4 Rg1 44. Kh5 Kf7 45. Rb8 Rh1+ 46. Kg5 Rh2 47.
Rb7+ Ke8 48. Rb2 Ke7 49. Nb4 Kd7 50. Nc6 Kc7 51. Kf5 Rh5+ 52. Kg6 Rh2 53. Ne7
Bd4 54. Ra2 Bc5 55. Nf5 Kd7 56. Kf6 Rg2 57. Rb2 Kc7 58. Ke7 Rh2 59. Rc2 Rh7+ 60.
Ke6 Rh2 61. Nxd6 Rh6+ 62. Kxe5 Kb6 63. Nf5 Rh8 64. d6 1-0

[Event "Mondiale Lampo FIDE 2022"]
[Site "Alma Ata"]
[Date "29.12.2022"]
[Round "3.16"]
[White "Anton Guijarro, David"]
[Black "Artemiev, Vladislav"]
[Result "0-1"]
[WhiteTitle ""]
[BlackTitle ""]
[WhiteElo "2675"]
[BlackElo "2701"]
[WhiteFideId "2285525"]
[BlackFideId "24101605"]
[EventDate "29.12.2022"]

1. Nf3 Nf6 2. b3 d5 3. Bb2 Bg4 4. g3 Nbd7 5. Bg2 e6 6. O-O Bd6 7. c4 c6 8. d4
O-O 9. Ne5 Bf5 10. Nd2 Qc7 11. Ndf3 Be4 12. Rc1 a5 13. Nd3 Qd8 14. a3 Qe7 15. a4
Rfd8 16. Qd2 h6 17. Rfd1 Bc7 18. Qe3 Bb6 19. Qd2 Nf8 20. e3 Ng6 21. Qe2 Nh7 22.
h4 Nf6 23. Nc5 Bxc5 24. dxc5 Nd7 25. h5 Ngf8 26. cxd5 exd5 27. Nh4 Bh7 28. Qg4
Ne6 29. e4 d4 30. Nf5 Qg5 31. Qxg5 hxg5 32. Nxd4 Ndxc5 33. Nxe6 Nxe6 34. f3 g4
35. f4 f6 36. Kf2 Nc5 37. Ke3 Nxb3 38. Rb1 Nc5 39. Bf1 Nxe4 40. Bc4+ Kh8 41. Ba1
Re8 42. Re1 Nc3+ 43. Kd4 Nxb1 44. Rxb1 Bxb1 0-1

[Event "Mondiale Lampo FIDE 2022"]
[Site "Alma Ata"]
[Date "29.12.2022"]
[Round "3.19"]
[White "Andreikin, Dmitry"]
[Black "Vokhidov, Shamsiddin"]
[Result "1-0"]
[WhiteTitle ""]
[BlackTitle ""]
[WhiteElo "2729"]
[BlackElo "2579"]
[WhiteFideId "4158814"]
[BlackFideId "14204223"]
[EventDate "29.12.2022"]

1. Nf3 d5 2. g3 Nc6 3. d4 Bf5 4. c4 e6 5. Bg2 Nb4 6. O-O Nc2 7. cxd5 Nxa1 8. e4
Bxe4 9. dxe6 fxe6 10. Nc3 Bc6 11. Re1 Be7 12. d5 Bxd5 13. Nxd5 Qxd5 14. Nd4 Qd7
15. Bxb7 Rd8 16. Qh5+ g6 17. Qf3 Qxd4 18. Bc6+ Rd7 19. Rd1 Qf6 20. Bxd7+ Kf7 21.
Qe2 Bc5 22. Bf4 Ne7 23. Be5 Qxf2+ 24. Qxf2+ Bxf2+ 25. Kxf2 Rd8 26. Bxc7 Rf8 27.
Ba4 Nd5 28. Bd6 Rd8 29. Be5 Rc8 1-0

[Event "Mondiale Lampo FIDE 2022"]
[Site "Alma Ata"]
[Date "29.12.2022"]
[Round "3.20"]
[White "Sychev, Klementy"]
[Black "Maghsoodloo, Parham"]
[Result "1/2-1/2"]
[WhiteTitle ""]
[BlackTitle ""]
[WhiteElo "2556"]
[BlackElo "2719"]
[WhiteFideId "4114060"]
[BlackFideId "12539929"]
[EventDate "29.12.2022"]

1. e4 e5 2. Nf3 Nc6 3. d4 exd4 4. Nxd4 Nf6 5. Nxc6 bxc6 6. e5 Qe7 7. Qe2 Nd5 8.
g3 a5 9. Bg2 Qe6 10. c4 Bb4+ 11. Nd2 Nb6 12. O-O O-O 13. b3 a4 14. Bb2 d5 15.
Nf3 a3 16. Bd4 dxc4 17. Bxb6 cxb6 18. Nd4 Qg4 19. Qxg4 Bxg4 20. Nxc6 Bc3 21.
Rac1 Bb2 22. Rxc4 Be2 23. Ne7+ Kh8 24. Bxa8 Bxc4 25. bxc4 Rxa8 26. Nd5 Rb8 27.
Re1 b5 28. c5 Rc8 29. e6 fxe6 30. Rxe6 Kg8 31. c6 Kf7 32. Re7+ Kf8 33. c7 b4 34.
Rd7 Ke8 35. Re7+ Kf8 36. Rd7 Ke8 37. Re7+ Kf8 38. Rd7 1/2-1/2

[Event "Mondiale Lampo FIDE 2022"]
[Site "Alma Ata"]
[Date "29.12.2022"]
[Round "3.21"]
[White "Van Foreest, Jorden"]
[Black "Murzin, Volodar"]
[Result "1-0"]
[WhiteTitle ""]
[BlackTitle ""]
[WhiteElo "2690"]
[BlackElo "2561"]
[WhiteFideId "1039784"]
[BlackFideId "44155573"]
[EventDate "29.12.2022"]

1. e4 c6 2. d4 d5 3. f3 e6 4. Nc3 Bb4 5. Bd2 Nd7 6. a3 Bd6 7. e5 Bb8 8. f4 Ne7
9. Nf3 c5 10. dxc5 Nxc5 11. Be3 b6 12. b4 Nd7 13. Bd3 Bb7 14. O-O h6 15. Nb5 O-O
16. Nbd4 Qc8 17. Qe2 a6 18. Rac1 b5 19. c3 Ba7 20. Kh1 Qc7 21. Bb1 Nb6 22. Qc2
g6 23. Bf2 Nc4 24. Bh4 Nf5 25. Qf2 Nxh4 26. Qxh4 Kg7 27. Qf6+ Kg8 28. f5 exf5
29. Nxf5 Qd8 30. Qg7# 1-0

[Event "Mondiale Lampo FIDE 2022"]
[Site "Alma Ata"]
[Date "29.12.2022"]
[Round "3.22"]
[White "Petrosyan, Manuel"]
[Black "Rapport, Richard"]
[Result "1/2-1/2"]
[WhiteTitle ""]
[BlackTitle ""]
[WhiteElo "2621"]
[BlackElo "2740"]
[WhiteFideId "13300857"]
[BlackFideId "738590"]
[EventDate "29.12.2022"]

1. d4 Nf6 2. Nf3 c5 3. d5 b5 4. e4 Nxe4 5. Bd3 Nf6 6. Bxb5 g6 7. O-O Bg7 8. d6
O-O 9. Nc3 e6 10. Be3 Bb7 11. Bxc5 Nc6 12. h3 a6 13. Be2 Qa5 14. Be3 Rfc8 15. a3
Rab8 16. b4 Qd8 17. Na4 Ne4 18. c4 Bxa1 19. Qxa1 Nxd6 20. Bf4 Nf5 21. Bxb8 Nxb8
22. c5 d6 23. Rd1 Qe7 24. cxd6 Nxd6 25. Nc5 Bd5 26. Ne5 h5 27. Bf3 Bxf3 28. Nxf3
a5 29. Ne5 axb4 30. axb4 Ne8 31. Qa8 Qc7 32. Qe4 Nf6 33. Qe2 Re8 34. h4 Nc6 35.
Nxc6 Qxc6 36. g3 Nd5 37. Qe4 Rb8 38. Rd4 Rb6 39. Nxe6 Qxe6 40. Qxd5 Qxd5 41.
Rxd5 Rxb4 1/2-1/2

[Event "Mondiale Lampo FIDE 2022"]
[Site "Alma Ata"]
[Date "29.12.2022"]
[Round "3.23"]
[White "Mamedov, Rauf"]
[Black "Ter-Sahakyan, Samvel"]
[Result "1-0"]
[WhiteTitle ""]
[BlackTitle ""]
[WhiteElo "2646"]
[BlackElo "2605"]
[WhiteFideId "13401653"]
[BlackFideId "13302531"]
[EventDate "29.12.2022"]

1. e4 c5 2. Nf3 Nc6 3. c3 Nf6 4. e5 Nd5 5. d4 cxd4 6. cxd4 d6 7. Bc4 Nb6 8. Bb5
dxe5 9. Nxe5 Bd7 10. Nxd7 Qxd7 11. Nc3 e6 12. O-O Rd8 13. Be3 Be7 14. Qg4 O-O
15. Rad1 Rfe8 16. Rfe1 Nd5 17. Bh6 Bf8 18. Bg5 Be7 19. Bc1 a6 20. Ba4 Nf6 21.
Qh3 b5 22. Bc2 Nxd4 23. Be3 e5 24. Qxd7 Rxd7 25. Bb1 Bc5 26. h3 h6 27. Rc1 Bb6
28. Ne4 Nd5 29. Bd2 Ne6 30. a3 Red8 31. Ba2 Bd4 32. Rc6 Bxb2 33. Rb1 Bxa3 34.
Rxa6 Bf8 35. Ba5 Ndc7 36. Rc6 Rd1+ 37. Rxd1 Rxd1+ 38. Kh2 Rd7 39. Rb6 f5 40.
Rxe6 Nxe6 41. Bxe6+ Kh8 42. Bxd7 fxe4 43. Bxb5 Bc5 44. Kg1 e3 45. fxe3 Bxe3+ 46.
Kf1 Bd4 47. Ke2 e4 48. Bc6 Bf6 49. Bxe4 Be5 50. Kf3 Bd4 51. Kg4 Bf6 52. Kh5 Bd4
53. Kg6 Bb2 54. Bc7 Bc3 55. Kf5 Bb2 56. Be5 1-0

[Event "Mondiale Lampo FIDE 2022"]
[Site "Alma Ata"]
[Date "29.12.2022"]
[Round "3.24"]
[White "Brunello, Sabino"]
[Black "Durarbayli, Vasif"]
[Result "0-1"]
[WhiteTitle ""]
[BlackTitle ""]
[WhiteElo "2519"]
[BlackElo "2612"]
[WhiteFideId "813613"]
[BlackFideId "13402935"]
[EventDate "29.12.2022"]

1. d4 d5 2. c4 c6 3. Nf3 Nf6 4. Nc3 e6 5. e3 Nbd7 6. Qc2 Bd6 7. Be2 O-O 8. O-O
dxc4 9. Bxc4 b5 10. Be2 Bb7 11. e4 e5 12. Rd1 Qc7 13. g3 Rfe8 14. Bg5 b4 15. Na4
exd4 16. Nxd4 Nxe4 17. Nf5 c5 18. Be3 Bf8 19. Bf3 Rac8 20. Bg2 Bc6 21. a3 Qb7
22. axb4 cxb4 23. Qe2 Ne5 24. Nd4 Bd5 25. Qb5 Nc4 26. Qxb7 Bxb7 27. Bf4 a5 28.
h4 Ned6 29. Bxb7 Nxb7 30. Nb3 Rcd8 31. Rdc1 Ne5 32. Rc7 Nd6 33. Nxa5 Ra8 34. Nb6
Ra6 35. Nd7 Nxd7 36. Rxd7 Nc4 0-1

[Event "Mondiale Lampo FIDE 2022"]
[Site "Alma Ata"]
[Date "29.12.2022"]
[Round "3.25"]
[White "Predke, Alexandr"]
[Black "Pantsulaia, Levan"]
[Result "1/2-1/2"]
[WhiteTitle ""]
[BlackTitle ""]
[WhiteElo "2684"]
[BlackElo "2597"]
[WhiteFideId "24107581"]
[BlackFideId "13602071"]
[EventDate "29.12.2022"]

1. Nf3 c5 2. c4 b6 3. Nc3 Bb7 4. e4 d6 5. d4 cxd4 6. Nxd4 Nf6 7. Qe2 g6 8. h4
Bg7 9. h5 Nxh5 10. Nf5 Bxc3+ 11. bxc3 Nc6 12. Rxh5 gxh5 13. Qxh5 Qd7 14. Ng7+
Kd8 15. c5 bxc5 16. Bf4 e5 17. Bg5+ Kc7 18. Rd1 Rad8 19. Nf5 Qe6 20. Bxd8+ Rxd8
21. Ne3 Na5 22. Qxh7 Rd7 23. Bb5 Rd8 24. Be2 Qxa2 25. c4 Rd7 26. Bg4 Rd8 27.
Qxf7+ Kb8 28. Qe7 Nc6 29. Qf6 Qa5+ 30. Kf1 Qc7 31. Nd5 Qh7 32. f3 Qh8 33. Qxh8
Rxh8 34. Kf2 Nd4 35. Ne3 Kc7 36. Ra1 Ra8 37. Bh5 a5 38. Bf7 a4 39. Ra3 Kb6 40.
g4 Ka5 41. g5 Kb4 42. Ra1 a3 43. g6 Kc3 44. g7 Kb2 45. Rd1 a2 46. g8=Q Rxg8 47.
Bxg8 a1=Q 48. Rxa1 Kxa1 49. Nf5 Kb2 50. Nxd6 Ba6 51. Bd5 Kc3 52. Nf7 Bxc4 53.
Bxc4 Kxc4 54. Nxe5+ Kb3 55. f4 c4 56. Ke3 Nc2+ 57. Kf3 c3 58. f5 Nd4+ 59. Ke3 c2
60. Nd3 Nc6 61. f6 Ne5 62. Nc1+ Kb2 63. Ne2 Ng4+ 64. Kd4 Nxf6 65. e5 Nh5 66. e6
Ng7 67. Ke5 1/2-1/2

[Event "Mondiale Lampo FIDE 2022"]
[Site "Alma Ata"]
[Date "29.12.2022"]
[Round "3.26"]
[White "Daneshvar, Bardiya"]
[Black "Moussard, Jules"]
[Result "1-0"]
[WhiteTitle ""]
[BlackTitle ""]
[WhiteElo "2500"]
[BlackElo "2684"]
[WhiteFideId "12576468"]
[BlackFideId "642908"]
[EventDate "29.12.2022"]

1. Nf3 Nf6 2. g3 d5 3. Bg2 e6 4. O-O Be7 5. b3 O-O 6. Bb2 b6 7. c4 Bb7 8. cxd5
Nxd5 9. d4 Nd7 10. Nbd2 c5 11. Rc1 Rc8 12. a3 N5f6 13. dxc5 Nxc5 14. b4 Nce4 15.
Nc4 Qe8 16. Nd4 Bd5 17. Ne3 Rxc1 18. Qxc1 Ba8 19. Qc7 Qb8 20. Rc1 Bd6 21. Qxb8
Rxb8 22. Nb5 a5 23. Bxf6 axb4 24. Bxe4 Bxe4 25. Nxd6 1-0

[Event "Mondiale Lampo FIDE 2022"]
[Site "Alma Ata"]
[Date "29.12.2022"]
[Round "3.30"]
[White "Gareyev, Timur"]
[Black "Fedoseev, Vladimir3"]
[Result "0-1"]
[WhiteTitle ""]
[BlackTitle ""]
[WhiteElo "2602"]
[BlackElo "2688"]
[WhiteFideId "14200937"]
[BlackFideId "24130737"]
[EventDate "29.12.2022"]

1. d4 d5 2. c4 e6 3. Nc3 c6 4. Nf3 Nf6 5. e3 Nbd7 6. Be2 dxc4 7. a4 Bd6 8. Nd2
O-O 9. Nxc4 Bc7 10. b3 Rb8 11. b4 Nd5 12. Qb3 Re8 13. f4 b6 14. O-O Bb7 15. Ne4
N7f6 16. Ng3 c5 17. dxc5 bxc5 18. b5 Nb6 19. Bb2 Bd5 20. e4 Nxe4 21. Nxe4 Bxe4
22. Qg3 f6 23. Na5 Nd7 24. Nc4 Qe7 25. Bf3 Bd3 26. Rfc1 Bxc4 27. Rxc4 e5 28.
Bd5+ Kh8 29. Re4 c4 30. Bc6 Qc5+ 31. Qf2 Bb6 32. Qxc5 Nxc5 33. Re2 Nb3+ 34. Kf1
Red8 35. Rae1 Nd2+ 36. Rxd2 Rxd2 37. Re2 Rd1+ 38. Re1 Rxe1+ 39. Kxe1 Ba5+ 40.
Kd1 Rd8+ 41. Kc2 Rd2+ 42. Kc1 exf4 43. Ba3 c3 44. Bc5 Bc7 45. Bb4 Be5 46. a5 Ra2
47. Be4 Bd4 48. Kb1 Rb2+ 49. Kc1 Rxb4 0-1

[Event "Mondiale Lampo FIDE 2022"]
[Site "Alma Ata"]
[Date "29.12.2022"]
[Round "3.31"]
[White "Sarana, Alexey"]
[Black "Tabatabaei, M. Amin"]
[Result "0-1"]
[WhiteTitle ""]
[BlackTitle ""]
[WhiteElo "2668"]
[BlackElo "2660"]
[WhiteFideId "24133795"]
[BlackFideId "12521213"]
[EventDate "29.12.2022"]

1. d4 Nf6 2. c4 e6 3. Nc3 d5 4. Nf3 Nbd7 5. Qc2 Bb4 6. cxd5 exd5 7. Bg5 h6 8.
Bh4 g5 9. Bg3 Ne4 10. e3 h5 11. Bd3 h4 12. Bxe4 dxe4 13. Qxe4+ Kf8 14. Be5 f6
15. Nxg5 Nxe5 16. dxe5 Bxc3+ 17. bxc3 fxg5 18. O-O h3 19. f4 g4 20. f5 hxg2 21.
Rf2 g3 22. Rxg2 Rxh2 23. Rxh2 gxh2+ 24. Kxh2 Qg5 25. e6 Bxe6 26. fxe6 Ke7 27.
Qb4+ Kxe6 28. Qc4+ Qd5 29. Qg4+ Qf5 30. Qc4+ Qd5 31. Qg4+ Ke7 32. Qh4+ Kd6 33.
Qb4+ Kc6 34. Qa4+ b5 35. Qh4 Rg8 36. Rg1 Qd2+ 37. Kh1 Rxg1+ 38. Kxg1 Qxe3+ 39.
Kf1 Qxc3 40. Qe4+ Kb6 41. Qe6+ c6 42. Qe7 Qa1+ 43. Ke2 Qxa2+ 44. Kd1 Qd5+ 45.
Ke2 a5 46. Qe3+ Ka6 47. Qe7 a4 48. Qf8 Ka5 49. Ke3 c5 50. Qf1 Qd4+ 0-1

[Event "Mondiale Lampo FIDE 2022"]
[Site "Alma Ata"]
[Date "29.12.2022"]
[Round "3.32"]
[White "Saraci, Nderim"]
[Black "Matlakov, Maxim"]
[Result "1-0"]
[WhiteTitle ""]
[BlackTitle ""]
[WhiteElo "2468"]
[BlackElo "2662"]
[WhiteFideId "6351921"]
[BlackFideId "4168003"]
[EventDate "29.12.2022"]

1. b3 d5 2. Bb2 c5 3. Nf3 Nc6 4. e3 a6 5. d4 Nf6 6. Be2 Bg4 7. Nbd2 e6 8. O-O
Bd6 9. dxc5 Bxc5 10. a3 O-O 11. b4 Ba7 12. c4 Qe7 13. Ne5 Bf5 14. cxd5 exd5 15.
Nxc6 bxc6 16. Bxa6 d4 17. exd4 Bg4 18. Re1 Qd6 19. Be2 Bb8 20. g3 Be6 21. Bf3
Nd5 22. Ne4 Qd8 23. Rc1 Bd7 24. Nc5 Bh3 25. Bg2 Bxg2 26. Kxg2 Bc7 27. Qf3 Qg5
28. Nd3 Qg6 29. Ne5 Bxe5 30. dxe5 Rad8 31. Rc5 Qe6 32. Rec1 Ne7 33. Rd1 Qa2 34.
Rxd8 Rxd8 35. Bc1 h6 36. h4 Rd7 37. Qe4 Rd8 38. Rc3 Qe6 39. Be3 Rd1 40. Rc1 Rd5
41. Rc5 Rd8 42. Qc4 Nd5 43. Bf4 Qf5 44. Rxc6 g5 45. hxg5 hxg5 46. Bc1 Qxe5 47.
Rc5 Qf5 48. Qe2 Rd7 49. Qf3 Qe6 50. Bxg5 f6 51. Bf4 Kg7 52. b5 Kg6 53. Rc6 Qf5
54. Bd2 Qe5 55. Bc3 Nxc3 56. Qxc3 Qe4+ 57. Qf3 Qxf3+ 58. Kxf3 Rd3+ 59. Kg2 Rxa3
60. b6 Rb3 61. f3 Kf5 62. g4+ Ke5 63. Kg3 Rb1 64. f4+ Ke4 65. Re6+ Kd5 66. f5
Rg1+ 67. Kh3 Rh1+ 68. Kg2 1-0

[Event "Mondiale Lampo FIDE 2022"]
[Site "Alma Ata"]
[Date "29.12.2022"]
[Round "3.33"]
[White "Svane, Rasmus"]
[Black "Chigaev, Maksim"]
[Result "1/2-1/2"]
[WhiteTitle ""]
[BlackTitle ""]
[WhiteElo "2622"]
[BlackElo "2632"]
[WhiteFideId "4657101"]
[BlackFideId "4108116"]
[EventDate "29.12.2022"]

1. Nf3 Nf6 2. g3 g6 3. Bg2 Bg7 4. O-O O-O 5. d4 d5 6. c4 c5 7. dxc5 dxc4 8. Na3
c3 9. Nb5 Na6 10. Nxc3 Nxc5 11. Be3 Nfe4 12. Nxe4 Nxe4 13. Bd4 Bf5 14. Rc1 Qa5
15. Bxg7 Kxg7 16. Qd4+ Nf6 17. a3 Rac8 18. Qe5 Qxe5 19. Nxe5 Be4 20. Bxe4 1/2-1/2

[Event "Mondiale Lampo FIDE 2022"]
[Site "Alma Ata"]
[Date "29.12.2022"]
[Round "3.34"]
[White "Paravyan, David"]
[Black "Kobalia, Mikhail"]
[Result "1-0"]
[WhiteTitle ""]
[BlackTitle ""]
[WhiteElo "2586"]
[BlackElo "2577"]
[WhiteFideId "4194985"]
[BlackFideId "4119150"]
[EventDate "29.12.2022"]

1. e4 c6 2. d4 d5 3. e5 Bf5 4. h4 h5 5. Bd3 Bxd3 6. Qxd3 Qa5+ 7. Nc3 e6 8. Bg5
Ne7 9. Ne2 Nf5 10. Ng3 Nxg3 11. fxg3 Bb4 12. O-O Nd7 13. Ne2 Qc7 14. Nf4 Nf8 15.
c4 dxc4 16. Qxc4 Be7 17. Bxe7 Qxe7 18. b4 g5 19. hxg5 Qxg5 20. b5 Rc8 21. bxc6
bxc6 22. d5 h4 23. dxe6 Nxe6 24. Nxe6 Qe3+ 25. Rf2 hxg3 26. Ng7+ Kd8 27. Rd1+
Kc7 28. Rd7+ Kb6 29. Qb4+ Ka6 30. Qa4+ 1-0

[Event "Mondiale Lampo FIDE 2022"]
[Site "Alma Ata"]
[Date "29.12.2022"]
[Round "3.35"]
[White "Ponkratov, Pavel"]
[Black "Kadric, Denis"]
[Result "0-1"]
[WhiteTitle ""]
[BlackTitle ""]
[WhiteElo "2577"]
[BlackElo "2584"]
[WhiteFideId "4157800"]
[BlackFideId "14403803"]
[EventDate "29.12.2022"]

1. e4 d6 2. d4 Nf6 3. f3 e5 4. d5 c5 5. Ne2 Be7 6. Nec3 O-O 7. g3 Ne8 8. Bd3 g6
9. h4 Ng7 10. Bh6 f5 11. Qe2 f4 12. gxf4 Bxh4+ 13. Kd1 exf4 14. e5 dxe5 15. Nd2
Bf5 16. Nde4 Rf7 17. Qh2 Bxe4 18. Bxe4 Bg3 19. Qh3 Qd7 20. Bxg7 Qxh3 21. Rxh3
Kxg7 22. Ke2 Nd7 23. d6 Nf6 24. Rd1 Rd8 25. Nb5 Nxe4 26. fxe4 g5 27. Kf3 Kg6 28.
Rdh1 Bh4 29. Rxh4 gxh4 30. Rg1+ Kf6 31. c4 Rg7 0-1

[Event "Mondiale Lampo FIDE 2022"]
[Site "Alma Ata"]
[Date "29.12.2022"]
[Round "3.36"]
[White "Sadhwani, Raunak"]
[Black "Hambleton, Aman"]
[Result "1-0"]
[WhiteTitle ""]
[BlackTitle ""]
[WhiteElo "2627"]
[BlackElo "2437"]
[WhiteFideId "35093487"]
[BlackFideId "2606577"]
[EventDate "29.12.2022"]

1. d4 Nf6 2. Nf3 e6 3. Bf4 Bd6 4. Ne5 Be7 5. e3 d6 6. Nf3 Nh5 7. Bg3 Nd7 8. Bd3
a6 9. c3 Nxg3 10. hxg3 h6 11. Nbd2 b6 12. Qe2 Bb7 13. e4 c5 14. O-O-O cxd4 15.
cxd4 b5 16. Kb1 Qb6 17. g4 O-O-O 18. Rh3 Kb8 19. Rdh1 Rhf8 20. Nb3 Rc8 21. e5
dxe5 22. Be4 Bxe4+ 23. Qxe4 exd4 24. Nfxd4 Nf6 25. Qe2 Rfd8 26. Rd1 Rd5 27. Rhd3
Rcd8 28. f4 Bc5 29. Nf3 Rxd3 30. Rxd3 Rxd3 31. Qxd3 Bd6 32. g5 hxg5 33. fxg5 Nd5
34. Qh7 Bf8 35. Qg8 Qd8 36. Nbd4 1-0